000 01044nmm a2200385 a 4500
003 AR-BaBNM
005 20251128211823.0
008 146020s2006 ||||||||||||||000 | spa||
020 _a84-494-2255-8
040 _cAR-BaBNM
245 1 0 _aBiblioteca práctica de comunicación
260 _aBarcelona
_c2006
_bOcéano
300 0 _a8 v.
_e1 CD-ROM
500 0 _aLa obra viene acompañada de un CD-ROM: Multidiccionario. Solicitarlo en Mediateca
505 _tAutodominio
505 _tAprendizaje
505 _tLectura y memorización
505 _tExpresión oral
505 _tExpresión escrita
505 _tVocabulario
505 _tGramática
505 _tOrtografía
650 4 _aCOMUNICACION
650 4 _aACTIVIDADES DE APRENDIZAJE
650 4 _aAUTOAPRENDIZAJE
650 4 _aLECTURA
650 4 _aEXPRESION ORAL
650 4 _aVOCABULARIO
650 4 _aGRAMATICA
650 4 _aORTOGRAFIA
653 0 _aEXPRESION ESCRITA
653 0 _aENSENANZA DE LA LENGUA
942 _cBK
998 _cme-solo cat
999 _c21260
_d21260